| 000 | 00644nam a22002057a 4500 | ||
|---|---|---|---|
| 003 | OSt | ||
| 005 | 20210501122301.0 | ||
| 008 | 210210s2012 ||||| |||| 00| 0 eng d | ||
| 020 | _a0558925189 | ||
| 020 | _a9780558925185 | ||
| 040 |
_aeng _beng _cDLC |
||
| 041 | _aeng | ||
| 080 |
_a33 _bC-20 |
||
| 245 |
_aCapital Market Expectations, Market Valuation, and Asset Allocation _b: CFA Program Curriculum Volume 3 / Level III, 2012 _c/ by: CFA Institute, Pearson |
||
| 260 |
_bCFA Institute, Pearson _c2012 |
||
| 300 | _a394 p. Glossary 21 p. Index 18 p. | ||
| 650 | 0 |
_9446 _aEconomics |
|
| 653 | _aეკონომიკა | ||
| 942 |
_2udc _cBK |
||
| 999 |
_c1292 _d1292 |
||